| 000 | 01028aam a2200349 4500 | ||
|---|---|---|---|
| 005 | 20260407110958.0 | ||
| 008 | 150327b2005 xxu||||| |||| 00| 0 spa d | ||
| 020 | _a9687427191 | ||
| 041 | _aESP | ||
| 082 | _a650.14 M722e | ||
| 100 |
_aMolina Aznar, Victor E. _921079 |
||
| 245 | _aEstrategias para conseguir y conservar un buen empleo | ||
| 260 | _aMéxico | ||
| 260 | _bGrupo Editorial ISEF | ||
| 260 | _c2005 | ||
| 300 | _a119 páginas | ||
| 490 | _aDirección y Administración de Empresas | ||
| 490 | _aSecretariado Ejecutivo | ||
| 650 | _aÉXITO EN LA OBTENCIÓN DE EMPLEOS Y PROMOCIONES | ||
| 650 | _aCURRICULUM VITAE | ||
| 650 | _aBÚSQUEDA DE EMPLEO | ||
| 650 | _aLA RENUNCIA | ||
| 650 | _aCARTA DE SERVICIOS | ||
| 650 | _aLA ENTREVISTA | ||
| 650 | _aINICIO EN UN NUEVO TRABAJO | ||
| 650 | _aTRABAJO TEMPORAL | ||
| 650 | _aFUNTES PARA CONSEGUIR EMPLEO | ||
| 650 | _aRELACIONES HUMANAS | ||
| 650 | _aCONDUCTA HUMANA | ||
| 650 | _aCLASIFICACIÓN DE LOS TRABAJADORES | ||
| 942 |
_cBK _2ddc |
||
| 999 |
_c827 _d827 |
||